000 00789nam a2200181Ia 4500
008 100920s9999 xx 000 0 und d
082 _b74367
_a330 थ 27
100 _aकरंदीकर जनार्दन सखाराम /हिवरगांवकर बळवंत रामचंद्र.
245 _aकौटिलीय - अर्थशास्त्र.
260 _bमुळे गजानन रघुनाथ , कुलाबा.
_c1927
300 _a201
_bसाधी
365 _b3
520 _aअर्थशास्त्र.
630 _aकौटिलीय - अर्थशास्त्र.
650 _aअर्थशास्त्र.
730 _aकौटिलीय - अर्थशास्त्र.
942 _cBOOK
999 _c715965
_d715962